Statistics for Australian States

Click here to take the quiz!

General Stats

  • This quiz has been taken 45 times
  • The average score is 7 of 8

Answers on the Map

Answers color-coded by a green-red scale on the quiz's map according to % correct below.
 

Answer Stats

Answer% Correct
Queensland
92%
Tasmania
92%
Western Australia
92%
Northern Territory
88%
South Australia
88%
Victoria
85%
New South Wales
81%
Australian Capital Territory
54%

Score Distribution

Percentile by Number Answered

Percent of People with Each Score

Your Score History

You have not taken this quiz